MARC

LEADER 00000nam0a2200000 4500
001 317925
005 20231102003026.0
035 |a (RuTPU)RU\TPU\book\343393 
090 |a 317925 
100 |a 20160415d1980 km y0rusy50 ca 
101 0 |a rus 
102 |a RU 
105 |a a z 001zy 
200 1 |a Штамповые стали  |f Л. А. Позняк, Ю. М. Скрынченко, С. И. Тишаев 
210 |a Москва  |c Металлургия  |d 1980 
215 |a 244 с.  |c ил. 
320 |a Библиогр.: с. 235-242. 
606 1 |a Сталь штамповая  |2 stltpush  |3 (RuTPU)RU\TPU\subj\56647  |9 74538 
610 1 |a штампы 
610 1 |a эксплуатация 
610 1 |a структура 
610 1 |a свойства 
610 1 |a легирующие элементы 
610 1 |a горячее деформирование 
610 1 |a холодное деформирование 
610 1 |a выплавка 
610 1 |a ковка 
610 1 |a термическая обработка 
675 |a 669.018.258  |v 3 
700 1 |a Позняк  |b Л. А.  |g Леонид Александрович 
701 1 |a Скрынченко  |b Ю. М.  |g Юрий Михайлович 
701 1 |a Тишаев  |b С. И.  |g Серафим Ильич 
801 1 |a RU  |b 63413507  |c 20160415 
801 2 |a RU  |b 63413507  |c 20160518  |g RCR 
942 |c BK